Music Quiz

Random Music Quiz

'Me and My Broken Heart' Lyrics Quiz Stats

 Plays Quiz not verified by Sporcle

Also try: 'Boston' Lyrics
Challenge
Share
Tweet
Embed
Score 0/215 Timer 10:00
0 Plays Today
% Correct
Yeah.
100%
(Whoa-oh-oh-oh)
100%
Oh!
100%
(Whoa-oh-oh-oh)
100%
(Whoa-oh-oh-oh)
100%
(Whoa-oh-oh-oh)
100%
Whoa-oh,
100%
whoa-oh.
100%
Whoa-oh,
100%
whoa-oh.
100%
Yeah.
100%
Yeah.
100%
Yeah.
100%
Yeah.
100%
Yeah.
100%
Yeah.
100%
[Chorus]
98.5%
[Chorus]
98.5%
[Chorus]
98.5%
a
97.9%
a
97.9%
A
97.9%
a
97.9%
A
97.9%
my
97.1%
my
97.1%
my
97.1%
my
97.1%
my
97.1%
my
97.1%
my
97.1%
my
97.1%
I
96.7%
I
96.7%
I
96.7%
I
96.7%
I
96.7%
I
96.7%
me
95.6%
broken
95.6%
me
95.6%
me
95.6%
broken
95.6%
me
95.6%
me
95.6%
me
95.6%
me.
95.6%
me
95.6%
me.
95.6%
me
95.6%
me
95.6%
me
95.6%
Me
95.6%
broken
95.6%
Me
95.6%
broken.
95.6%
Me
95.6%
broken.
95.6%
me.
95.6%
me.
95.6%
me,
95.6%
me
95.6%
broken
95.6%
and
95.3%
and
95.3%
and
95.3%
and
95.3%
and
95.3%
and
95.3%
and
95.3%
and
95.3%
and
95.3%
% Correct
heart.
95.2%
heart.
95.2%
heart,
95.2%
heart.
95.2%
heart.
95.2%
love
92%
love
92%
love?
92%
love?
92%
love?
92%
love.
92%
in
91%
in
91%
need
90.1%
need
90.1%
All
89.3%
All
89.3%
all
89.3%
the
89%
it
88.7%
it
88.7%
It
88.7%
it
88.7%
It
88.7%
little
88.6%
little
88.6%
little
88.6%
little
88.6%
little
88.6%
life.
87.2%
to
86.5%
to
86.5%
To
86.5%
you
85.7%
you
85.7%
You
85.7%
you
85.7%
you
85.7%
dark.
84.2%
we
82.9%
we
82.9%
we
82.9%
I'm
82.3%
I'm
82.3%
I'm
82.3%
I'm
82.3%
I'm
82.3%
so
80.8%
do
80.6%
do
80.6%
do
80.6%
but
79.7%
but
79.7%
but
79.7%
might
78.9%
might
78.9%
this
78.8%
this
78.8%
this
78.8%
need's
78.5%
need's
78.5%
hoping
78.2%
hoping
78.2%
tonight.
78%
tonight.
78%
kick-start
77.6%
kick-start
77.6%
not
77%
not
77%
not
77%
call
75.8%
call
75.8%
% Correct
call
75.8%
apart.
75.2%
apart
75.2%
one.
74.6%
How
74.6%
How
74.6%
One
74.6%
loving
73.5%
got
73.2%
Why?
72.3%
Why
72.3%
Shotgun,
72.2%
falling
71.9%
just
71.9%
just
71.9%
just
71.9%
just
71.9%
like
71.6%
like
71.6%
some.
71.1%
tell
71.1%
tell
71.1%
some
71.1%
tell
71.1%
tell
71.1%
it's
70.8%
It's
70.8%
It's
70.8%
It's
70.8%
say…
70.5%
say
70.5%
say…
70.5%
your
69.2%
when
68.3%
when
68.3%
seems
67.7%
seems
67.7%
control.
67.5%
control.
67.5%
been
67.4%
losing
67.4%
been
67.4%
losing
67.4%
alone,
65.7%
alone,
65.7%
we've
65.6%
we've
65.6%
Hold
62.3%
Tear
62.3%
try
62.1%
eyes
62.1%
for
61.4%
away,
60.5%
of
60.3%
at
59.8%
run
58.8%
stay.
57.7%
then
57.6%
time,
57.4%
Somebody
56.5%
Somebody
56.5%
make
55.2%
aimed
55%
up
52%
lie,
51.4%
part
50.7%
easy,
49.9%
hates
48.9%
Maybe
46.6%
play
45.3%
pick
44.7%

You're not logged in!

Compare scores with friends on all Sporcle quizzes.
Join for Free
OR
Log In

You Might Also Like...

Show Comments

Extras

Created Jul 9, 2014SourceReportNominate
Tags:broken, heart

Top Quizzes Today


Score Distribution

Your Account Isn't Verified!

In order to create a playlist on Sporcle, you need to verify the email address you used during registration. Go to your Sporcle Settings to finish the process.

Report this User

Report this user for behavior that violates our Community Guidelines.

Details: